000 00501nam 22001693 4500
001 201546
090 _a201546
100 _a20260326d u||y0pory50 ba
200 _aUma arte de música e outros ensaios
_fÓscar Lopes
210 _aPorto
_cOficina Musical
_d1986
215 _a225 p.
_cbrochado
_d23 cm
606 _93661
_aCrítica Literária.Estudos Literários
675 _a82.09
_vPT
_zpor
700 _91046
_aLopes
_bÓscar
_f1917-2013
801 _aPT
_bBMMN
_gRPC
830 _cFernando
_fFernando
990 _cLIVROS